ARRUPE JESUIT UNIVERSITY

CORONAVIRUS -STOP THE SPREAD - CLEAN,DISINFECT,COVER

The monarch of wit; (Record no. 122375)

MARC details
000 -LEADER
fixed length control field 00751cam a2200241 4500
001 - CONTROL NUMBER
control field 334595
003 - CONTROL NUMBER IDENTIFIER
control field ARRUPE
005 - DATE AND TIME OF LATEST TRANSACTION
control field 20150414115831.0
008 - FIXED-LENGTH DATA ELEMENTS--GENERAL INFORMATION
fixed length control field 850415c19671962enk 000 0 eng d
035 ## - SYSTEM CONTROL NUMBER
System control number (OCoLC)504964451
035 ## - SYSTEM CONTROL NUMBER
System control number (OCoLC)ocn504964451
035 ## - SYSTEM CONTROL NUMBER
System control number (CStRLIN)NYCG85-B38046
035 ## - SYSTEM CONTROL NUMBER
System control number (NNC)334595
040 ## - CATALOGING SOURCE
Original cataloging agency NNC
Transcribing agency NNC
090 ## - LOCALLY ASSIGNED LC-TYPE CALL NUMBER (OCLC); LOCAL CALL NUMBER (OCLC)
Classification number (OCLC) (R) ; Classification number, CALL (RLIN) (NR) PR2248
Local cutter number (OCLC) ; Book number/undivided call number, CALL (RLIN) .L44 1962a
300 ## - PHYSICAL DESCRIPTION
Dimensions 21cm.
100 1# - MAIN ENTRY--PERSONAL NAME
Personal name Leishman, James Blair.
Fuller form of name (James Blair),
Dates associated with a name 1902-1963.
9 (RLIN) 16112
245 14 - TITLE STATEMENT
Title The monarch of wit;
Remainder of title an analytical and comparative study of the poetry of John Donne.
260 ## - PUBLICATION, DISTRIBUTION, ETC. (IMPRINT)
Place of publication, distribution, etc London,
Name of publisher, distributor, etc Hutchinson
Date of publication, distribution, etc 1962
300 ## - PHYSICAL DESCRIPTION
Extent 287 p.
600 10 - SUBJECT ADDED ENTRY--PERSONAL NAME
Personal name Donne, John,
Dates associated with a name 1572-1631.
9 (RLIN) 15781
General subdivision Criticism and interpretation
942 ## - ADDED ENTRY ELEMENTS (KOHA)
Source of classification or shelving scheme Library of Congress Classification
Koha item type Monograph ( Printed materials)
Holdings
Withdrawn status Lost status Source of classification or shelving scheme Damaged status Not for loan Collection code Home library Current library Shelving location Date acquired Total Checkouts Full call number Barcode Date last seen Price effective from Koha item type
    Library of Congress Classification     Main Collection ARRUPE LIBRARY ARRUPE LIBRARY Main Collection 10/03/2015   PR2248.L44 1962 46003073843 10/03/2015 10/03/2015 Monograph ( Printed materials)

 

Arrupe Library. PO Box MP320 Mt Pleasant, Harare, Zimbabwe
263 242 745411|librarian@aju.ac.zw